Matemática 9 /

Guardado en:
Autor Principal: Borsani, Valeria
Otros Autores: Novembre, Andrea, Carnelli, Gustavo, Lamela, Cecilia, Itzcovich, Horacio
Formato: Libro
Publicado: Buenos Aires : Tinta fresca, 2006
Series:Al fin de cuentas
Materias:
Etiquetas: Agregar Etiqueta
Sin Etiquetas, Sea el primero en etiquetar este registro!
LEADER 00929nam a22002535a 4500
001 CEM.cems012436
005 20080229081635.0
008 130507s2006##################000#0#####d
003 CEMS
020 |a 9875761249 
082 0 4 |a Z510 
100 1 |a Borsani, Valeria 
245 1 0 |a Matemática 9 /  |c  Valeria Borsani... [et Al.] 
260 |a Buenos Aires :  |b Tinta fresca,  |c 2006 
300 |a 176 p. 
490 0 |a Al fin de cuentas 
500 |a Para 9ºaño Egb 
505 0 |a Números reales -- Estudio de funciones -- Geometría 1 -- Geometría 2 -- Funciones cuadráticas -- Probabilidad y estadística -- Vectores -- Movimientos en el plano -- Vectores -- Movimientos en el plano 
653 |a Matemática -- matemática-9º egb 
700 1 |a Novembre, Andrea 
700 1 |a Carnelli, Gustavo 
700 1 |a Lamela, Cecilia 
700 1 |a Itzcovich, Horacio 
859 |a CEMS  |b BIB. CEMS - 11 de abril  |h Z510  |i B648  |p 23888.07  |t Ej.1  |v 9º  |3 9º